| 000 | 00591nam a2200277Ia 4500 | ||
|---|---|---|---|
| 005 | 20260401122300.0 | ||
| 008 | 008 250103s9999 xx 000 0 eng d | ||
| 020 | _a1405121556 | ||
| 037 | _aTB | ||
| 040 | _aEDL | ||
| 040 | _beng | ||
| 040 | _cEDL | ||
| 041 | _2eng | ||
| 041 | _aeng | ||
| 084 | _a821.3 SCH | ||
| 084 | _qEDL | ||
| 245 | 0 | _aCompanion to Shakespeare's Sonnets | |
| 260 | _aMalden | ||
| 260 | _bBlackwell Publishing | ||
| 260 | _c2007 | ||
| 300 | _a521p | ||
| 942 | _cTB | ||
| 942 | _h821.3 SCH | ||
| 999 |
_c1846204 _d1846204 |
||